1262 1117 1069 1393 1506 1208 1255 1284 1056 1704 1060 1859 1205 1215 1164 1321 1577 1719 1180 1039 1025 1053 1368 1201 1474 1816 1447 1744 1414 1205 1234 1004 1967 1457 1837 1834 1746 1142 1224 1537 1249 1234 1027 1348 1938 1019 1081 1984 1748 1195 1938 1446 1916 1797 1932 1839 1687 1877 1050 1155 1779 1160 1198 1909 1584 1530 1131 1204 1564 1186 1334 1676 1098 1736 1778 1137 1066 1418 1441 1210 1429 1546 1717 1608 1751 1777 1820 1106 1005 1067 1733 1341 1502 1063 1084 1968 1014 1074 1263 BCNSPRNW ULIB Ver.6.0+V

เปลี่ยนเป็นภาษาไทย

Change to English
 แสดงรายละเอียดบรรณานุกรม
  กลับหน้าหลัก

Brief Record : Get Marc (ISO 2709) : E-mail record : QR code < ปิดหน้าต่าง
LEADER : 00000nam 2200000uu 4500
001    13399127852
003     ULIB
008    211018s2563||||th 000 0 tha d
020    ^a9786168122105
060  4 ^aWC501^bค976
100 0  ^aดุสิต สถาวร
245 00 ^aCOVID and crisis in critical care /^cบรรณาธิการ, ดุสิต สถาวร,ครรชิต ปิยะเวชวิรัตน์, สัณฐิติ โมรากุล
250    ^aพิมพ์ครั้งที่ 1
260    ^aกรุงเทพฯ : ^bสมาคมเวชบำบัดวิกฤตแห่งประเทศไทย,^c2563
300    ^axx, 688 หน้า :^bภาพประกอบ, แผนภูมิ ;^c27 ซม
500    ^aผู้ใหญ่
500    ^aเนื้อหาเป็นภาษาไทย
504    ^aบรรณานุกรมท้ายบทและดรรชนีท้ายเล่ม
505 0  ^aI: Introduction -- II: Year-in-review -- III: Covid-19:the basic & beyond -- IV: Critical care: the basic -- V:Sepsis & shock -- VI: Critical care in specific population-- VII: Perioperative management during pandemics -- VIII:Respiratory critical care -- IX: Critical care nephrology-- X: Critical care neurology -- XI: Pediatric criticalcare -- Neuro crit care -- Ped septic shock -- Dealingwith severe dengue shock in PICU -- Critical care forchildren with severe Covid
650  2 ^aCritical care
650  2 ^aCOVID-19
650  2 ^aCOVID-19 (Disease)
650  7 ^aโควิด-19 (โรค)
700 0  ^aครรชิต ปิยะเวชวิรัตน์,^eบรรณาธิการร่วม
700 0  ^aสัณฐิติ โมรากุล,^eบรรณาธิการร่วม
710 2  ^aสมาคมเวชบำบัดวิกฤตแห่งประเทศไทย
945    ^p800^l0^i008348
945    ^p800^l0^i008379
990    ^aทุกภาควิชา(คณะแพทยศาสตร์)
999    ^aประนอม เกษจรัล
รายการนี้ยังไม่มีแท็ก
คุณยังไม่ได้ล็อกอิน คุณสามารถมีกิจกรรมร่วมกับเว็บไซต์ได้ แต่ต้องล็อกอินก่อน ::
  ล็อกอิน

รายการสื่อสารสนเทศ

ลำดับที่ ประเภท เลขเรียก/บาร์โค้ด สถานที่ สถานะ
1. วิทยาศาสตร์การแพทย์ และสุขภาพ
หนังสือสำรอง
สถานะ=หนังสือสำรอง
WC501 ค976 ฉ.1 
  Barcode: 008348
ห้องสมุดวิทยาเขตสวรรค์ประชารักษ์
►หนังสือทั่วไป
บนชั้น
2. วิทยาศาสตร์การแพทย์ และสุขภาพ
วิทยาศาสตร์การแพทย์ และสุขภาพ
WC501 ค976 ฉ.2 
  Barcode: 008379
ห้องสมุดวิทยาเขตสวรรค์ประชารักษ์
►หนังสือทั่วไป
บนชั้น

รายการใกล้เคียง
    ผู้แต่ง [ดุสิต สถาวร]

    หัวเรื่อง [Critical care]
    หัวเรื่อง [COVID-19]
    หัวเรื่อง [COVID-19 (Disease)]
    หัวเรื่อง [โควิด-19 (โรค)]

BibComment


ยังไม่เคยถูกคอมเมนท์

คอมเมนท์ทรัพยากรรายการนี้
  คอมเมนท์: COVID and crisis..


 Copyright 2026. Bcnsprnw @Library